Psicología femenina y masculina del matrimonio / (Registro nro. 7780)

Detalles MARC
000 -LIDER
fixed length control field 00824nam a2200253 a 4500
001 - NÚMERO DE CONTROL
Identificador de número de control 000016533
003 - IDENTIFICACDOR DE NÚMERO DE CONTROL
control field DO-SdBNP
005 - DATE AND TIME OF LATEST TRANSACTION
control field 20180202151452.0
007 - CAMPOS FIJOS DE DESCRIPCIÓN FÍSICA
fixed length control field 000016533
008 - ELEMENTOS DE LONGITUD FIJA
fixed length control field 100308s1987 dr 001 0 spa d
040 ## - FUENTE DE CATALOGACIÓN
Agencia que crea de manera original el registro BPMET
Idioma de catalogación spa
Agencia que realiza la transcripción BPMET
092 ## - LOCALLY ASSIGNED DEWEY DECIMAL CALL NUMBER
Número de clasificación xxx
Número de ítem (Cutter) W721p
100 1# - ASIENTO PRINCIPAL -- NOMBRE PERSONAL
Nombre personal Williams Zorrilla, Héctor
245 10 - MENCIÓN DE TITULO
Título Psicología femenina y masculina del matrimonio /
Mención de responsabilidad Héctor Williams Zorrilla.
260 ## - PUBLICACIÓN, DISTRIBUCIÓN, ETC. (PIE DE IMPRENTA)
Lugar de publicación, distribución, etc Santo Domingo :
Nombre del editor, distribuidor, etc. Taller,
Fecha de publicación, distribución, etc 1987.
300 ## - DESCRIPCIÓN FÍSICA
Extensión 232 p. :
Otros detalles físicos 23 cm.
500 ## - NOTA GENERAL
Nota general Incluye datos biográficos del autor en la contracubierta
504 ## - NOTA DE BIBLIOGRAFÍA, ETC.
Bibliography, etc Incluye bibliografías [p. 227-228]
930 #1 - EQUIVALENCE OR CROSS-REFERENCE-UNIFORM TITLE HEADING [LOCAL, CANADA]
Language of a work BND01
Medium of performance for music LF1
Field link and sequence number 20100308
Date of a work 01
Name of part/section of a work HD
Miscellaneous information 11202
942 ## - ADDED ENTRY ELEMENTS (KOHA)
Source of classification or shelving scheme Dewey Decimal Classification
Koha item type Libros
945 ## - INFORMACIÓN DE PROCESAMIENTO LOCAL
Información de procesamiento local Inventariado, 2018 / BT
956 ## - LOCAL ELECTRONIC LOCATION AND ACCESS (OCLC)
Nombre de host IGARCIA
Número de acceso 10
Información de compresión 20100317
Inicio de sesión BND01
Procesador de solicitud 1058
956 ## - LOCAL ELECTRONIC LOCATION AND ACCESS (OCLC)
Nombre de host VMATEO
Número de acceso 10
Información de compresión 20150505
Inicio de sesión BMET02
Procesador de solicitud 00151
Existencias
Withdrawn status Lost status Source of classification or shelving scheme Damaged status Not for loan Collection code Home library Current library Date acquired Source of acquisition Total Checkouts Barcode Date last seen Price effective from Koha item type
    Dewey Decimal Classification     Colección Dominicana Biblioteca Pública Metropolitana Salomé Ureña Biblioteca Pública Metropolitana Salomé Ureña 05/05/2015 Sin sellar   BPMSU15051525 05/05/2015 05/05/2015 Libros